000 00531cam a22002172a 4500
001 019942
003 AR-FADEU
005 20191010110020.0
008 311216n1968####xxu####################dd
040 _cBiblioteca Ernesto Sábato
092 _a822.912
_bE42cp
100 _aEliot, T. S.
245 _aThe cocktail party
260 _aLondon
260 _bFaber and Faber
260 _c1968
300 _a166 p
546 _aInglés
650 _aLITERATURA INGLESA-SIGLO XX; TEATRO/REVISADO/
942 _cBDGR
_2ddc
999 _c33980
_d33980